| 000 | 00415nam a22001697a 4500 | ||
|---|---|---|---|
| 003 | SGT | ||
| 020 | _a9781265446635 | ||
| 082 |
_a615 _bK24V |
||
| 100 | _aVANDERAH, TODD W. | ||
| 245 | _aKATZUNG'S BASIC & CLINICAL PHARMACOLOGY | ||
| 250 | _a16TH | ||
| 260 |
_aNEW YORK _bMC GRAW HILL _c2024 |
||
| 300 | _a1348 | ||
| 650 | _aPHARMACOLOGY | ||
| 653 | _aKATZUNG'S BASIC & CLINICAL PHARMACOLOGY | ||
| 942 |
_2ddc _cBK |
||
| 999 |
_c30677 _d30677 |
||